| 000 | 00663nam a22001937a 4500 | ||
|---|---|---|---|
| 008 | 160420b xxu||||| |||| 00| 0 eng d | ||
| 020 | _a971-8581-90-1 | ||
| 082 |
_22005 _aDFil 155.2 _bOm19 |
||
| 100 |
_96147 _aOmas-as, Roberta Laraga. |
||
| 245 |
_aYou and your personality/ _cRoberta Laraga-Omas-as; edited by Ernie T. Bhagwanie. |
||
| 250 | _aRevised edition. | ||
| 260 |
_aQuezon City: _bGreat Books Publishing, _cc2005. |
||
| 300 |
_axii, 141 pages; _c18 cm. |
||
| 500 | _aIncludes bibliographical references. | ||
| 650 | 0 |
_96149 _aPersonality. |
|
| 650 | 0 |
_96150 _aPersonality development. |
|
| 700 |
_96148 _aBhagwani, Ernie T. _eeditor. |
||
| 942 |
_2ddc _cBK |
||
| 999 |
_c1924 _d1924 |
||